UBT Library

AUDITING & ASSURANCE SERVICES (Record no. 38173)

000 -LEADER
fixed length control field 00304nam a22001337a 4500
008 - FIXED-LENGTH DATA ELEMENTS--GENERAL INFORMATION
fixed length control field 171107b xxu||||| |||| 00| 0 eng d
020 ## - INTERNATIONAL STANDARD BOOK NUMBER
International Standard Book Number 2900077520150
041 ## - LANGUAGE CODE
Language code of text/sound track or separate title eng
080 ## - UNIVERSAL DECIMAL CLASSIFICATION NUMBER
Universal Decimal Classification number 721.053
100 ## - Rafti
Rafti 62
101 ## - Shkurtesa
Shkurtesa AUD
245 ## - TITLE STATEMENT
Title AUDITING & ASSURANCE SERVICES
Statement of responsibility, etc MESSIER,W.F
942 ## - ADDED ENTRY ELEMENTS (KOHA)
Source of classification or shelving scheme
Item type Books
Holdings
Withdrawn status Lost status Source of classification or shelving scheme Damaged status Not for loan Collection code Permanent location Current location Shelving location Date acquired Total Checkouts Full call number Barcode Date last seen Price effective from Koha item type
          Koleksioni i përgjithshem UBT - Lipjan UBT - Lipjan Koleksioni i përgjithshem 11/07/2017   721.053 MES 002-2937477 11/07/2017 11/07/2017 Books
UBT Library © 2015-2024. All rights reserved University Education for Business and Technology